00852nam a2200229Ia 450000500170000000800410001702000150005808200140007310000340008724501080012125000190022930000260024861000460027465000370032065000570035770000340041426400510044833600270049933700330052633800280055904000350058720220317001229.0160825s2004 ck g 000 0 spa  a958929898204a025bC17f1 aCasilimas Rojas, Clara Inés10aFondos acumulados, manual de organizacióncClara Inés Casilimas Rojas, Juan Carlos Ramírez Moreno a1a. edición  a80 páginas c24 cm  aArchivo General de la Nación (Colombia)142LEMBaOrganización de archivos142LEMB aFondos acumulados (Archivos)xOrganización.1 aRamírez Moreno, Juan Carlos aBogotábArchivo General de la Naciónc2004 atextobtxt2rdacontent asin mediaciónbn2rdamedia avolumenbnc2rdacarrier aCO-BoRNBPbspaerdacCO-BoRNBP